| 000 | 00552nam a2200145 a 4500 | ||
|---|---|---|---|
| 001 | 000029320 | ||
| 005 | 20200930055456.0 | ||
| 008 | 110414s1987 dr 000 0 spa d | ||
| 040 |
_aDO-SdBNP _bspa _cBNPHU |
||
| 082 |
_axxxx _bI39s |
||
| 245 | 0 | 0 | _aIndicadores socio demográficos básicos de la República Dominicana al período 1980-1985 y estimación de algunos indicadores socio-económicos y demográficos 1986-1990. |
| 260 |
_aSanto Domingo : _bConsejo Nacional de Población y Familia, _c1987. |
||
| 300 |
_a57 p. : _bil., retrs. |
||
| 049 | _aBNPD | ||
| 999 |
_c28812 _d28812 |
||